| 000 | 00629cam a22002293a 4500 | ||
|---|---|---|---|
| 001 | 4643 | ||
| 003 | PGUSA | ||
| 005 | 20140828083103.0 | ||
| 008 | 031101s2003||||xxu|||||s|||||000 | eng d | ||
| 040 |
_aPGUSA _beng |
||
| 042 | _adc | ||
| 050 | 4 | _aF850.5 | |
| 100 | 1 |
_aMorey, Almira, _d1819- |
|
| 245 | 1 | 0 |
_aVignettes of San Francisco _h[electronic resource] / _cAlmira Morey |
| 260 |
_bProject Gutenberg, _c2003 |
||
| 506 | _aPublic domain in the USA. | ||
| 516 | _aElectronic text | ||
| 653 | _aSan Francisco (Calif.) | ||
| 830 | 0 |
_aProject Gutenberg _v4643 |
|
| 856 | 4 | 0 | _uhttp://www.gutenberg.org/ebooks/4643 |
| 942 | _cEB | ||
| 999 |
_c233972 _d233972 |
||